000 00615nam a2200229Ia 4500
003 OSt
005 20221005121421.0
006 a|||||r|||| 00| 0
007 ta
008 221004b |||||||| |||| 00| 0 eng d
024 _a37696
037 _cTextual
040 _aCRL
_cCRL
_beng
041 _2eng
_aeng
082 _a/\22:3, J8 close sec
100 _aRamacharaka
_951365
245 0 _aHatha yoga or the yogi philosophy of physical well- being
260 _c1958
650 _aSPIRITUALISM
942 _h/\22:3, J8 close sec
_cTEXL
_2cc
999 _c1041110
_d1041110